000 00342 a2200109 4500
001 ART_2817
005 20260410161710.0
008 260409a
245 1 0 _a¿Cuándo debe escribirse la historia hacia atrás?
100 1 _aLeontief, Wassily
773 0 _tDesarrollo económico
_g- Vol. 4, Nº 13 (abr./jun. 1964)
_wREV1174
999 _c15998
_d15998